| 000 | 00533nam a22001817a 4500 | ||
|---|---|---|---|
| 003 | CEME | ||
| 005 | 20210628204029.0 | ||
| 008 | 210114b xxu||||| |||| 00| 0 eng d | ||
| 020 | _a9780307944689 | ||
| 040 | _cceme | ||
| 082 | _a428 CRA | ||
| 100 |
_aFranek, Rob , Pierce, Douglas , Kinsell, Sean _968338 |
||
| 245 | _aCracking the toefl ibt with audio exercises on cd 2013 , proven techniques for higher score | ||
| 260 |
_aNEW YORK _bRANDOM HOUSE _c2013 |
||
| 300 | _a541P | ||
| 650 |
_aTOFEL 2013. _968339 |
||
| 942 |
_cBK _2ddc |
||
| 999 |
_c575940 _d575940 |
||